Score 0/26 Timer 04:00
5 Plays Today
BOOK TITLE ANSWER % Correct
Alice's Adventures in ____Wonderland
96.4%
Around the ____ in Eighty DaysWorld
95.7%
The Adventures of Tom ____Sawyer
93.8%
All Quiet on the Western ____Front
93.7%
Angels and ____Demons
92%
Animal ____Farm
91.6%
Anne of ____ GablesGreen
90.6%
And Then There Were ____None
80.8%
About a ____Boy
79.4%
All Creatures ____ and SmallGreat
78.6%
The African ____Queen
74.7%
Angela's ____Ashes
73.9%
Anna ____Karenina
72.6%
BOOK TITLE ANSWER % Correct
Along Came a ____Spider
71.8%
The Age of ____Innocence
69.4%
Atlas ____Shrugged
66%
Absalom, ____!Absalom
63.7%
Artemis ____Fowl
56%
Are You There God? It's Me, ____Margaret
52.9%
All the ____ HorsesPretty
45.4%
American ____Psycho
33.4%
The Autobiography of ____ B. ToklasAlice
31.4%
Asterix the ____Gaul
21.3%
Adam ____Bede
20.5%
Agnes ____Grey
17.9%
At ____-Two-BirdsSwim
5.7%

Today's Daily Dose

Missing Word
I Hardly Know Her!

Word Ladder
Sentence Ending

Quick Pick
Female Firsts

Get the Picture
Triathlon Sports

Remove Ads.
Support Sporcle.
Get the best of Sporcle when you Go Orange. This ad-free experience offers more features, more stats, and more fun while also helping to support Sporcle. Thank you for becoming a member.

You're not logged in!

Compare scores with friends on all Sporcle quizzes.
OR
Log In

Show Comments

Extras

Top Quizzes Today


Score Distribution

Your Account Isn't Verified!

In order to create a playlist on Sporcle, you need to verify the email address you used during registration. Go to your Sporcle Settings to finish the process.

Report this User

Report this user for behavior that violates our Community Guidelines.

Details: